01269 am a2200265 a 450000500170000000800390001702000150005604100080007110000290007924500660010825000780017426000320025230000110028450000950029565300370039065300560042765300410048365300320052465300720055665300370062865300650066565300840073065301200081465300690093420240627100201.0100309s1995||||sp m f0 d s sp spa a8449300312 aspa1 aEngelhardt, H. Tristram. 4aLos fundamentos de la bioética / cH. Tristram Engelhardt. a1a ed. bTraducción Isidro Arias ; Gonzalo Hernández y Olga Dominguez aBarcelona: bPaidos;c1995. a545 p. aEngelhardt, H. T. (1995). Los fundamentos de la bioética. (1a ed.). Barcelona : Paidos.  aBioética ante la posmodernidad aBioética secular y pluralidad de visiones morales aBases intelectuales de la bioética aPrincipios de la bioética aContexto de la asistencia sanitaria: personas, posesiones y estados aLenguajes de la medicalización aPrincipio y fin de la persona: muerte, aborto e infanticidio aConsentimiento libre e informado, rechazo del tratamiento y el equipo sanitario aDerecho a la asistencia sanitaria, la justicia social y la imparcialidad en la asignación de asistencia sanitaria aRemodelación de la naturaleza humana y búsqueda de la virtud